Filosofía para la ciencia y la sociedad : indagaciones en honor a Félix Gustavo Schuster /
Se rinde homenaje a la trayectoria intelectual y personal recorrida por el pensador argentino Félix Gustavo Schuster. Se compilan trabajos acerca de su vida personal y acerca de temas de epistemología, ciencias sociales y sociedad.
Guardado en:
| 主要作者: | |
|---|---|
| 其他作者: | |
| 格式: | 未知 |
| 語言: | Spanish |
| 出版: |
Argentina :
CICCUS ; CLACSO ; Universidad de Buenos Aires,
|
| 主題: | |
| 標簽: |
添加標簽
沒有標簽, 成為第一個標記此記錄!
|
MARC
| LEADER | 00000 a2200000 04500 | ||
|---|---|---|---|
| 001 | 41430 | ||
| 003 | cru CIDCACS/IIS | ||
| 005 | 20231212132937.0 | ||
| 008 | 050702s2010 ag spa d | ||
| 020 | |a 978-987-1599-29-5 | ||
| 040 | |c cru CIDCACS/IIS |a cru CIDCACS/IIS | ||
| 090 | |a 05.01.01 H632f | ||
| 100 | |a Hidalgo, Cecilia |e compiladora | ||
| 245 | |a Filosofía para la ciencia y la sociedad : |b indagaciones en honor a Félix Gustavo Schuster / |c Compilado por Cecilia Hidalgo y Verónica Tozzi | ||
| 260 | |a Argentina : |b CICCUS ; CLACSO ; Universidad de Buenos Aires, | ||
| 300 | |a 379 páginas | ||
| 520 | |a Se rinde homenaje a la trayectoria intelectual y personal recorrida por el pensador argentino Félix Gustavo Schuster. Se compilan trabajos acerca de su vida personal y acerca de temas de epistemología, ciencias sociales y sociedad. | ||
| 590 | |a EFU/AGOSTO2011 | ||
| 650 | |a FELIX GUSTAVO SCHUSTER | ||
| 650 | |a EPISTEMOLOGIA | ||
| 650 | |a CIENCIAS SOCIALES | ||
| 650 | |a TEORIA | ||
| 700 | |a Tozzi, Verónica | ||
| 942 | |2 z |c LI |h 05.01.01 H632f |i 12377 |6 050101_H632F_12377 | ||
| 999 | |c 6617 |d 6617 | ||



